Historic Events BCE - Statistics

General Stats
  • This quiz has been taken 14 times
    13 since last reset
  • The average score is 16 of 18
Answer Stats
Event Roman Numeral Year BCE % Correct
Building of the Great Pyramid MMDLXXX 2580
100%
Birth of Jesus Christ IV 4
100%
Julius Ceasar attacks Great Britain LV 55
100%
Spartacus the gladiator leads the slaves in an uprising LXXIII 73
100%
Foundation of Rome DCCLIII 753
100%
First Olympiad in Greece DCCLXXVI 776
100%
Hannibal invades Italy CCXVIII 218
92%
Alexander dies at Babylon CCCXXIII 323
92%
Empire of Alexander the Great reaches into India CCCXXVI 326
92%
Egypt conquered by Alexander CCCXXXII 332
92%
Birth of Confucius DLI 551
92%
Birth of Buddha DLXIII or CDLXXX 563/480
92%
Julius Caesar is assassinated XLIV 44
83%
Work begins on the Parthenon CDXLVII 447
83%
Greeks defeat the Persians at the Battle of Marathon CDXC 490
83%
Zhi becomes king of China MMCCCLXVI 2366
75%
One of the first sacral kingdoms arise on the Nile MMMD 3500
75%
Early Nubian civilization MM-M 2000-1000
58%
No matching quizzes found
Score Distribution
Percent of People with Each Score
Percentile by Number Answered
Your Score History
You have not taken this quiz since the last reset